00885nas a2200229Ia 4500001001100000003000900011008004100020040001300061040001300074041001200087100004000099210001400139222001400153245004700167250001100214260003100225501008600256300002000342362002400362500023000386650003900616R703/49206IT-RoPAU151124c99999999xx |||||||||||| ||und|| aIT-RoPAU cIT-RoPAU aINGLESE aHiz HenrygCodice Aut. SPICS: 2686 aSEMIOTICA aSemiotica aSEMIOTICA, VOL.01-N.2 (1969)bReferentials a1a ed. aLA HAYEbMOUTON & COc1969 bPaulus - SPICS - Società San Paolo EM (non-commercial uses only)cCopyright2015 a31 p. [136-166] aVOL.01, N.02 (1969) aRiferimenti. Paragone con Variabili. Anafora e Anticipazione. Carattere Semantico del Concetto di Riferimento. Definizione di Riferimenti. Procedure per Trovare Referenze in un Testo. Anticipatori, Quantificatori, Riflessivi. aSEMIOTICAvPUBBLICAZIONE PERIODICA